'I' Blitz Quiz Stats

Quiz Updated Jul 10, 2012

Also try: 'J' Blitz
Challenge
Share
Tweet
Embed
Score 0/40 Timer 04:00
25 Plays Today
Category Answer % Correct
US StateIdaho
98%
Rainbow ColorIndigo
95.6%
Unit Of LengthInch
91%
European CountryIceland
87.8%
ElementIron
86.7%
Winter Olympic EventIce Hockey
84.6%
Part of the EyeIris
84.1%
Finger of the HandIndex
83.2%
Type of LizardIguana
82.8%
South American CivilizationInca
74.4%
Pixar Movie (The ...)Incredibles
73.4%
Type of ToothIncisor
71.8%
Work of HomerIliad
69.9%
Russian 'Tsar'Ivan
67.4%
Four Letter CountryIraq
66.6%
Basic Rock TypeIgneous
64%
Presidential NicknameIke
60.2%
Type of TriangleIsosceles
56.4%
Federal HolidayIndependence Day
56.2%
Police RankInspector
55.7%
Category Answer % Correct
Simpsons' MouseItchy
53.5%
MLB TeamIndians
52.9%
Greek LetterIota
52.5%
US State CapitalIndianapolis
51.2%
US Cabinet DepartmentInterior
41.1%
Big 4 Team (New York)Islanders
38.3%
Column (Architectural)Ionic
36.4%
Book of the BibleIsaiah
32.8%
Human Body SystemImmune
31.6%
Monopoly (non-property) SquareIncome Tax
31.1%
Fantastic Four MemberInvisible Woman
30.1%
Beatles Number OneI Feel Fine
29.8%
Original X-ManIceman
27.3%
Pope NameInnocent
21.3%
Winter Olympic CityInnsbruck
19.5%
Premier League Team (Ever)Ipswich Town
17.6%
Capital CityIslamabad
16.8%
Demi Moore MovieIndecent Proposal
16.1%
Ear BoneIncus
14.1%
Oscar Best PictureIn the Heat of the Night
11.9%

You're not logged in!

Compare scores with friends on all Sporcle quizzes.
Join for Free
OR
Log In

You Might Also Like...

Show Comments

Extras

Top Quizzes Today


Score Distribution

Your Account Isn't Verified!

In order to create a playlist on Sporcle, you need to verify the email address you used during registration. Go to your Sporcle Settings to finish the process.

Report this User

Report this user for behavior that violates our Community Guidelines.

Details: